000 00734nam a2200265 i 4500
001 C2-0326767
003 PPAK
005 20180728124548.0
008 140414s2013 nyua|||| ||||| | eng d
020 _a9780071790314
040 _aPPAK
_beng
_cPPAK
_erda
082 0 4 _a616.9401
_223
090 0 0 _a616.9401
_bJAW
_dR
245 0 0 _aJawets, Melnick & Adelberg's medical microbiology
250 _a26th ed.
264 1 _aNew York :
_bMcGraw-Hill ,
_c2013
300 _axi, 864 pages :
_bcolour illustrations ;
_c28 cm
336 _2rdacontent
_atext
337 _2rdamedia
_aunmediated
338 _2rdacarrier
_avolume
500 _aIncludes index.
650 1 0 _aMedical microbiology.
700 _eauthor
942 _ddc
_cB
999 _c126413
_d126413